Val Kilmer Filmography - Statistics

General Stats
  • This quiz has been taken 195 times
    41 since last reset
  • The average score is 26 of 129
Answer Stats
Type Year Name % Correct
Film 1986 Top Gun
80%
Film 1995 Batman Forever
73%
Film 2022 Top Gun: Maverick
73%
Film 1993 Tombstone
67%
Film 1995 Heat
53%
Film 1997 The Saint
53%
Film 1985 Real Genius
47%
Film 1991 The Doors
47%
Film 1984 Top Secret!
47%
TV Show 2000, 2011 Saturday Night Live
40%
Film 1998 The Prince of Egypt
40%
Film 1992 Thunderheart
40%
Documentary 2021 Val
40%
Film 1999 At First Sight
33%
Film 1989 Kill Me Again
33%
Film 2005 Kiss Kiss Bang Bang
33%
Film 2000 Red Planet
33%
Film 1996 The Ghost and the Darkness
33%
Film 1996 The Island of Dr. Moreau
33%
Film 1993 The Real McCoy
33%
Film 1993 True Romance
33%
Film 2011 Twixt
33%
Film 1988 Willow
33%
Film 2004 Alexander
27%
Film 2009 Bad Lieutenant: Port of Call New Orleans
27%
Film 2003 Blind Horizon
27%
Film 2011 Blood Out
27%
Film 2008 Columbus Day
27%
Film 2008 Conspiracy
27%
Film 1996 Dead Girl
27%
Film 2006 Déjà Vu
27%
Film 2008 Delgo
27%
TV Film 1989 Gore Vidal's Billy the Kid
27%
Theater 1988 Hamlet
27%
Film 2002 Hard Cash
27%
Film 1999 Joe the King
27%
TV Film 1987 The Man Who Broke 1,000 Chains
27%
Film 2002 The Salton Sea
27%
Film 2017 The Super
27%
Film 2010 The Traveler
27%
Film 2003 Wonderland
27%
TV Film 2008 XIII: The Conspiracy
27%
Film 2006 10th & Wolf
20%
Film 2008 2:22
20%
Film 2009 American Cowslip
20%
Theater 1981-1982 As You Like It
20%
Film 2010 Bloodworth
20%
Theater 2012 Citizen Twain
20%
TV Mini-Series 2008 Comanche Moon
20%
Film 2009 Double Identity
20%
TV Show 2004 Entourage
20%
Film 2008 Felon
20%
Film 2010 Gun
20%
Film 2009 Hardwired
20%
Theater 1981 Henry IV, Part 1
20%
Film 2019 Jay and Silent Bob Reboot
20%
Film 2011 Kill the Irishman
20%
TV Show 2008-2009 Knight Rider
20%
Film 2005 Mind Hunters
20%
Film 2006 Moscow Zero
20%
Film 2020 Paydirt
20%
Film 2013 Planes
20%
Film 2000 Pollock
20%
Film 2012 Riddle
20%
Film 2012 Seven Below
20%
Film 2017 Song to Song
20%
Film 2004 Spartan
20%
Film 2004 Stateside
20%
Film 2009 Streets of Blood
20%
Film 2006 Summer Love
20%
Film 2021 The Birthday Cake
20%
Film 2009 The Chaos Experiment
20%
Film 2012 The Fourth Dimension
20%
Film 2017 The Snowman
20%
Theater 2004 The Ten Commandments: The Musical
20%
Film 2006 The Ten Commandments: The Musical
20%
Film 2009 The Thaw
20%
Film 2014 Tom Sawyer & Huckleberry Finn
20%
Film 1995 Wings of Courage
20%
Film 2012 Wyatt Earp's Revenge
20%
Film 2018 1st Born
13%
Film 2011 5 Days of War
13%
TV Show 1985 ABC Afterschool Specials
13%
Music Video 2016 Animals
13%
Film 2020 A Soldier's Revenge
13%
Film 2012 Breathless
13%
Director 2019 Cinema Twain
13%
TV Film 2004 George and the Dragon
13%
Web Series 2013 Ghost Ghirls
13%
Film 2007 Have Dreams, Will Travel
13%
TV Show 2013 Life's Too Short
13%
Film 2010 MacGruber
13%
Film 2003 Masked and Anonymous
13%
TV Show 2007 NUMB3RS
13%
Film 2006 Played
13%
TV Show 2014 Psych
13%
Video Game 2011 Spider-Man: Edge of Time
13%
Film 2013 Standing Up
13%
Film 2008 The Love Guru
13%
Film 2003 The Missing
13%
Theater 2005 The Postman Always Rings Twice
13%
TV Show 2014 The Spoils of Babylon
13%
Theater 1992 'Tis Pity She's a Whore
13%
Music Video 2012 To Be the Best
13%
Commercial 2008 Ford Mustang
7%
Film 2013 Pavo Alto
7%
TV Show 2014 Robot Chicken
7%
TV Documentary 1994 100 Years of the Hollywood Western
0%
Documentary 1996 A Century of Science Fiction
0%
TV Documentary 1998 Africa Unbottled
0%
Documentary 2008 American Meth
0%
Documentary Series 2004, 2005 Biography
0%
TV Documentary 2004 Bounty Hunters
0%
Documentary 2005 Champion
0%
Commercial 2008 Farin Chocolate
0%
Theater 1981 How It All Began
0%
Short Documentary 1991 Memorial: Letters from American Soldiers
0%
Commercial 2002 Nikon
0%
TV Special 2000 Saturday Night Live: Presidential Bash 2000
0%
Documentary 2011 Shakespeare High
0%
Theater 1983 Slab Boys
0%
Documentary TBA The Man-Eaters of Tsavo
0%
TV Film 1986 The Murders in Rue Morgue
0%
Documentary 2003 The Seventh Man
0%
Documentary Series 1993 The Untold West
0%
Documentary 1999 Three Days
0%
Documentary 2005 Trudell
0%
Short Documentary 2008 Unconquered; Allan Houser and the Legacy of One Apache Family
0%
TV Documentary 1988 Willow: The Making of an Adventure
0%
No matching quizzes found
Score Distribution
Percent of People with Each Score
Percentile by Number Answered
Your Score History
You have not taken this quiz since the last reset